[Event "US op 121st"]
[Site "Cherry Hill"]
[Date "2021.08.08"]
[Round "9"]
[White "Molner, Mackenzie"]
[Black "Akobian, Varuzhan"]
[Result "0-1"]
[WhiteElo "2438"]
[BlackElo "2614"]
[PlyCount "80"]
[EventDate "2021.07.31"]
[EventType "swiss"]
[EventRounds "9"]
[EventCountry "USA"]
[SourceTitle "CBM 203 Extra"]
[Source "ChessBase"]
[SourceDate "2021.09.30"]
[SourceVersion "1"]
[SourceVersionDate "2021.09.30"]
[SourceQuality "1"]

1. e4 e6 2. d4 d5 3. Nc3 Nf6 4. e5 Nfd7 5. f4 c5 6. Nf3 Nc6 7. Be3 a6 8. a3 Be7 9. dxc5 Nxc5 10. b4 Nd7 11. Bd3 Qc7 12. Ne2 Nb6 13. 0-0 Nc4 14. Bf2 Bd7 15. Ra2 f6 16. Ned4 Nxd4 17. Bxd4 f5 18. c3 a5 19. Raf2 0-0 20. g4 fxg4 21. Ng5 Bxg5 22. fxg5 Rxf2 23. Rxf2 Nxe5 24. Bxe5 Qxe5 25. Qxg4 g6 26. h4 Qe3 27. Qd4 Qxd4 28. cxd4 axb4 29. axb4 Ra3 30. Bf1 Rb3 31. Rc2 Rxb4 32. Rc7 Be8 33. Bh3 Bf7 34. Rc8+ Kg7 35. Rc7 Kf8 36. Rc8+ Ke7 37. Rc7+ Ke8 38. Rc8+ Kd7 39. Rh8 Rxd4 40. Rxh7 Ke8 0-1

[Event "US op 121st"]
[Site "Cherry Hill"]
[Date "2021.08.03"]
[Round "4"]
[White "Molner, Mackenzie"]
[Black "Thau, Peter L"]
[Result "1-0"]
[WhiteElo "2438"]
[BlackElo "1627"]
[PlyCount "43"]
[EventDate "2021.07.31"]
[EventType "swiss"]
[EventRounds "9"]
[EventCountry "USA"]
[SourceTitle "CBM 203 Extra"]
[Source "ChessBase"]
[SourceDate "2021.09.30"]
[SourceVersion "1"]
[SourceVersionDate "2021.09.30"]
[SourceQuality "1"]

1. e4 e6 2. f4 Nf6 3. e5 Nd5 4. d4 c5 5. c4 Nc7 6. d5 d6 7. Nc3 f5 8. Nf3 Be7 9. Be3 Nba6 10. Qd2 0-0 11. 0-0-0 Ne8 12. g3 g6 13. Bg2 Rb8 14. h4 Ng7 15. exd6 Qxd6 16. Ne5 Rd8 17. Bf3 Kf8 18. h5 Nxh5 19. Bxh5 gxh5 20. Rxh5 Kg7 21. Rdh1 Rh8 22. Qh2 1-0

[Event "USA-ch Online Swiss 2400+"]
[Site "Chess.com INT"]
[Date "2020.11.29"]
[Round "3"]
[White "Ehlvest, Jaan"]
[Black "Molner, Mackenzie"]
[Result "1-0"]
[WhiteElo "2517"]
[BlackElo "2448"]
[PlyCount "75"]
[EventDate "2020.11.29"]
[EventType "swiss (blitz)"]
[EventRounds "12"]
[EventCountry "USA"]
[SourceTitle "CBM 199 Extra"]
[Source "ChessBase"]
[SourceDate "2021.01.31"]
[SourceVersion "1"]
[SourceVersionDate "2021.01.31"]
[SourceQuality "1"]

1. e4 c5 2. Nf3 Nc6 3. d4 cxd4 4. Nxd4 Nf6 5. Nc3 e5 6. Ndb5 d6 7. Nd5 Nxd5 8. exd5 Nb8 9. Qf3 a6 10. Qa3 Be7 11. Bg5 f6 12. Bd2 0-0 13. h4 b6 14. 0-0-0 Bb7 15. Nc3 Nd7 16. g4 b5 17. Be3 Rc8 18. Qb4 Nb6 19. Qe4 Rxc3 20. bxc3 Na4 21. Bd3 f5 22. Qb4 Qc7 23. c4 e4 24. Be2 a5 25. Qb3 Bf6 26. Bd4 Bxd4 27. Rxd4 Nc5 28. Qh3 f4 29. cxb5 f3 30. Bc4 a4 31. Qh2 Rd8 32. Qg1 Nd7 33. Qe1 Qc5 34. Qc3 Nb6 35. Re1 Rc8 36. Rexe4 Nd7 37. Re7 Ne5 38. Rxb7 1-0

[Event "US Open-120"]
[Site "Orlando"]
[Date "2019.08.07"]
[Round "2"]
[White "Molner, Mackenzie"]
[Black "Agarwalla, Mohak"]
[Result "1-0"]
[WhiteElo "2447"]
[BlackElo "1423"]
[PlyCount "75"]
[EventDate "2019.08.03"]
[EventType "swiss"]
[EventRounds "9"]
[EventCountry "USA"]
[SourceTitle "CBM 191 Extra"]
[Source "ChessBase"]
[SourceDate "2019.09.30"]
[SourceVersion "1"]
[SourceVersionDate "2019.09.30"]
[SourceQuality "1"]

1. e4 c5 2. Nf3 d6 3. d4 cxd4 4. Nxd4 Nf6 5. Nc3 a6 6. g3 e5 7. Nde2 h5 8. h3 Be6 9. a4 Nbd7 10. Bg2 b6 11. b3 Be7 12. 0-0 Qc7 13. Bg5 Rc8 14. Qd2 Qc6 15. Nd5 Bxd5 16. exd5 Qb7 17. c4 Nc5 18. Qc2 0-0 19. b4 Ncd7 20. a5 bxa5 21. bxa5 Qc7 22. Rfc1 Nxd5 23. Bxd5 Bxg5 24. Rcb1 Nf6 25. Bb7 Rb8 26. Bxa6 Ra8 27. Rb7 Qc8 28. Ra7 Qxh3 29. Rxa8 Rxa8 30. Bb7 Ng4 31. Bg2 Qh2+ 32. Kf1 h4 33. Qe4 h3 34. Qxa8+ Kh7 35. Qf3 e4 36. Qxe4+ f5 37. Qxf5+ Kh6 38. Qe4 1-0

[Event "US Open-119"]
[Site "Middleton"]
[Date "2018.08.05"]
[Round "9"]
[White "Belous, Vladimir"]
[Black "Molner, Mackenzie"]
[Result "0-1"]
[WhiteElo "2558"]
[BlackElo "2465"]
[PlyCount "116"]
[EventDate "2018.07.28"]
[EventType "swiss"]
[EventRounds "9"]
[EventCountry "USA"]
[SourceTitle "CBM 185 Extra"]
[Source "ChessBase"]
[SourceDate "2018.07.29"]
[SourceVersion "1"]
[SourceVersionDate "2018.07.29"]
[SourceQuality "1"]

1. c4 c5 2. Nf3 Nf6 3. Nc3 d5 4. cxd5 Nxd5 5. g3 Nc6 6. Bg2 Nc7 7. a3 a5 8. Na4 e6 9. d3 Rb8 10. Qc2 b6 11. 0-0 Bd6 12. d4 Nxd4 13. Nxd4 cxd4 14. e3 0-0 15. Rd1 Ba6 16. Rxd4 Qe7 17. Nc3 Be5 18. Rd1 Rfd8 19. Bd2 Bd3 20. Qb3 b5 21. Be1 a4 22. Qa2 Bc4 23. Qb1 f5 24. Qc2 Bb3 25. Rxd8+ Rxd8 26. Qe2 Bc4 27. Qc2 Bd3 28. Qd2 Bc4 29. Qc2 Bd3 30. Qd2 Bc4 31. Qc1 Na6 32. Nxa4 Qc7 33. Nc3 Nc5 34. Qc2 Bd3 35. Qd1 Bc4 36. Qh5 Nd3 37. Rb1 Nxe1 38. Rxe1 g6 39. Qf3 Rd2 40. a4 Bxc3 41. bxc3 Bd5 42. e4 fxe4 43. Qe3 Rd3 44. Qe2 bxa4 45. Bxe4 Bxe4 46. Qxe4 Qd7 47. c4 a3 48. Kg2 Rd4 49. Qa8+ Kg7 50. Rc1 h5 51. Rc3 Kh7 52. h4 e5 53. c5 Ra4 54. Qf3 a2 55. c6 Qc7 56. Rd3 e4 57. Rd7+ Qxd7 58. Qb3 Qd4 0-1

[Event "PRO League Stage"]
[Site "Chess.com INT"]
[Date "2018.02.03"]
[Round "4"]
[White "Harmon Vellotti, Luke"]
[Black "Molner, Mackenzie"]
[Result "1-0"]
[WhiteElo "2468"]
[BlackElo "2465"]
[PlyCount "77"]
[EventDate "2018.01.18"]
[EventType "team-swiss (rapid)"]
[EventRounds "9"]
[EventCountry "USA"]
[SourceTitle "CBM 182 Extra"]
[Source "ChessBase"]
[SourceDate "2018.02.23"]
[SourceVersion "1"]
[SourceVersionDate "2018.02.23"]
[SourceQuality "1"]
[WhiteTeam "Dallas Destiny"]
[BlackTeam "Montclair Sopranos"]
[WhiteTeamCountry "USA"]
[BlackTeamCountry "USA"]

1. e4 c5 2. Nf3 d6 3. d4 cxd4 4. Nxd4 Nf6 5. Nc3 a6 6. Be3 Ng4 7. Bg5 h6 8. Bh4 g5 9. Bg3 Bg7 10. Be2 h5 11. Bxg4 hxg4 12. 0-0 Nc6 13. Nf5 Bxc3 14. bxc3 Qa5 15. Qxg4 f6 16. Qf3 Ne5 17. Bxe5 Qxe5 18. h3 Bd7 19. Rab1 0-0-0 20. Rb6 d5 21. Rfb1 dxe4 22. Qe2 Bb5 23. R6xb5 axb5 24. Rxb5 Qc7 25. g3 Kb8 26. Qxe4 e5 27. Kg2 Rd7 28. c4 Rc8 29. Ne3 Rd4 30. Qf3 Qc6 31. Qxc6 Rxc6 32. Kf3 Ra6 33. Rb2 Ra3 34. Ke2 Kc8 35. Rb6 Ra6 36. Rb2 Ra3 37. Nd5 Ra6 38. c3 Re4+ 39. Kd2 1-0

[Event "PRO League Stage"]
[Site "Chess.com INT"]
[Date "2018.02.03"]
[Round "4"]
[White "Molner, Mackenzie"]
[Black "Vazquez, Guillermo"]
[Result "0-1"]
[WhiteElo "2465"]
[BlackElo "2436"]
[PlyCount "66"]
[EventDate "2018.01.18"]
[EventType "team-swiss (rapid)"]
[EventRounds "9"]
[EventCountry "USA"]
[SourceTitle "CBM 182 Extra"]
[Source "ChessBase"]
[SourceDate "2018.02.23"]
[SourceVersion "1"]
[SourceVersionDate "2018.02.23"]
[SourceQuality "1"]
[WhiteTeam "Montclair Sopranos"]
[BlackTeam "Rio Grande Ospreys"]
[WhiteTeamCountry "USA"]
[BlackTeamCountry "USA"]

1. e4 c6 2. d4 d5 3. e5 Bf5 4. Nf3 e6 5. Be2 Ne7 6. 0-0 c5 7. c3 Nec6 8. dxc5 Bxc5 9. b4 Be7 10. b5 Na5 11. Nd4 Bg6 12. f4 0-0 13. Nd2 Nd7 14. N2b3 Nc4 15. a4 Rc8 16. Kh1 a6 17. Qe1 Bh4 18. g3 Be7 19. Bf3 Re8 20. Rf2 Bf8 21. h4 f6 22. h5 Bf7 23. Re2 fxe5 24. fxe5 Ndxe5 25. Rxe5 Nxe5 26. Qxe5 Bd6 27. Qe1 Qf6 28. g4 h6 29. Ba3 Bxa3 30. Rxa3 e5 31. Nf5 e4 32. Bg2 Rxc3 33. Nd6 Qxd6 0-1

[Event "Philadelphia op 11th"]
[Site "Philadelphia"]
[Date "2017.04.16"]
[Round "9"]
[White "Molner, Mackenzie"]
[Black "Erenburg, Sergey"]
[Result "1-0"]
[WhiteElo "2450"]
[BlackElo "2568"]
[PlyCount "85"]
[EventDate "2017.04.12"]
[EventType "swiss"]
[EventRounds "9"]
[EventCountry "USA"]
[SourceTitle "EXT 2019"]
[Source "ChessBase"]
[SourceDate "2018.10.10"]
[SourceVersion "1"]
[SourceVersionDate "2018.10.10"]
[SourceQuality "1"]

1. e4 c6 2. d4 d5 3. e5 Bf5 4. Nf3 e6 5. Be2 Ne7 6. 0-0 Bg6 7. Nbd2 c5 8. dxc5 Nec6 9. Nb3 Nd7 10. Be3 Be7 11. Rc1 0-0 12. c4 dxc4 13. Nbd2 Ncxe5 14. Nxe5 Nxe5 15. Nxc4 Nd3 16. Bxd3 Bxd3 17. Re1 Be4 18. Bf4 Bd5 19. b4 Qd7 20. Ne3 Bc6 21. Qxd7 Bxd7 22. Nf5 Bd8 23. Nd6 Bc7 24. Bg3 Bc6 25. Nxb7 Bxg3 26. Na5 Bxf2+ 27. Kxf2 Bd5 28. a3 Rab8 29. c6 Rfc8 30. Rc5 a6 31. c7 Rb5 32. Rxb5 axb5 33. Rc1 Kf8 34. a4 bxa4 35. b5 Ke7 36. Rc3 a3 37. b6 a2 38. Rc1 Kd7 39. Rd1 Ra8 40. b7 a1Q 41. c8Q+ Rxc8 42. bxc8Q+ Kxc8 43. Rxa1 1-0

[Event "Philadelphia op 11th"]
[Site "Philadelphia"]
[Date "2017.04.16"]
[Round "8"]
[White "Paragua, Mark"]
[Black "Molner, Mackenzie"]
[Result "1/2-1/2"]
[WhiteElo "2521"]
[BlackElo "2450"]
[PlyCount "80"]
[EventDate "2017.04.12"]
[EventType "swiss"]
[EventRounds "9"]
[EventCountry "USA"]
[SourceTitle "EXT 2019"]
[Source "ChessBase"]
[SourceDate "2018.10.10"]
[SourceVersion "1"]
[SourceVersionDate "2018.10.10"]
[SourceQuality "1"]

1. e4 c5 2. Nf3 d6 3. d4 cxd4 4. Nxd4 Nf6 5. Nc3 a6 6. Be3 Ng4 7. Bc1 Nf6 8. Be2 e5 9. Nb3 Be7 10. 0-0 0-0 11. Kh1 b6 12. f3 Bb7 13. Be3 b5 14. Qd2 Nbd7 15. a4 b4 16. Nd5 Nxd5 17. exd5 Nf6 18. Bc4 Qc7 19. Qd3 Rac8 20. Nd2 a5 21. c3 bxc3 22. bxc3 Nd7 23. Rab1 f5 24. Qc2 g6 25. Rb2 Ba8 26. Rfb1 Kg7 27. Rb5 h6 28. Bf1 Qxc3 29. Qxc3 Rxc3 30. Nc4 Nf6 31. Rd1 Bxd5 32. Rbxd5 Nxd5 33. Rxd5 Rb8 34. Kg1 Rb1 35. Nd2 Ra1 36. Bb6 Bg5 37. Kf2 Rc2 38. Bxa5 Rxa4 39. Bb6 Rxd2+ 40. Rxd2 Bxd2 1/2-1/2

[Event "Philadelphia op 11th"]
[Site "Philadelphia"]
[Date "2017.04.14"]
[Round "5"]
[White "Barbosa, Oliver"]
[Black "Molner, Mackenzie"]
[Result "1/2-1/2"]
[WhiteElo "2509"]
[BlackElo "2450"]
[PlyCount "38"]
[EventDate "2017.04.12"]
[EventType "swiss"]
[EventRounds "9"]
[EventCountry "USA"]
[SourceTitle "EXT 2018"]
[Source "ChessBase"]
[SourceDate "2017.10.13"]
[SourceVersion "1"]
[SourceVersionDate "2017.10.13"]
[SourceQuality "1"]

1. Nf3 c5 2. c4 Nc6 3. e3 e6 4. d4 d5 5. Nc3 Nf6 6. a3 a6 7. dxc5 Bxc5 8. b4 Bd6 9. cxd5 exd5 10. Bb2 0-0 11. Be2 Bg4 12. Nd4 Bxe2 13. Ncxe2 a5 14. b5 Ne5 15. Nf5 Nc4 16. Nxd6 Qxd6 17. Bxf6 Qxf6 18. 0-0 Rfd8 19. a4 Rac8 1/2-1/2

[Event "PRO League Stage"]
[Site "Chess.com INT"]
[Date "2017.02.15"]
[Round "6"]
[White "Molner, Mackenzie"]
[Black "Liu, Aristo S"]
[Result "1-0"]
[WhiteElo "2450"]
[BlackElo "1969"]
[PlyCount "115"]
[EventDate "2017.01.11"]
[EventType "team-swiss (rapid)"]
[EventRounds "7"]
[EventCountry "USA"]
[SourceTitle "CBM 176 Extra"]
[Source "ChessBase"]
[SourceDate "2017.03.02"]
[SourceVersion "1"]
[SourceVersionDate "2017.03.02"]
[SourceQuality "1"]
[WhiteTeam "Montclair Sopranos"]
[BlackTeam "Columbus Cardinals"]
[WhiteTeamCountry "USA"]
[BlackTeamCountry "USA"]

1. e4 e5 2. Nf3 Nc6 3. Bc4 Bc5 4. b4 Bxb4 5. c3 Ba5 6. d4 exd4 7. 0-0 Nf6 8. Ba3 d6 9. e5 Ng4 10. exd6 cxd6 11. Re1+ Nge5 12. cxd4 Bxe1 13. Qxe1 Qa5 14. dxe5 Qxe1+ 15. Nxe1 Nxe5 16. Bb3 Ke7 17. Nc3 Be6 18. Nb5 Rhd8 19. Rd1 Bxb3 20. axb3 Kf6 21. Nxd6 Ke6 22. f4 Nc6 23. Nf3 h6 24. f5+ Kf6 25. Re1 Rxd6 26. Bxd6 Kxf5 27. Ne5 Nxe5 28. Rxe5+ Kf6 29. Re3 g5 30. Be5+ Kg6 31. Rf3 f5 32. Rd3 Re8 33. Rd6+ Kh7 34. Rd7+ Kg6 35. Rg7+ Kh5 36. Bd4 b6 37. Rxa7 Re4 38. Bf2 Rb4 39. Ra3 Kg4 40. Kf1 f4 41. Be1 Rb5 42. b4 Re5 43. Ra6 Rb5 44. Bc3 Kf5 45. Ke2 Ke4 46. Ra8 h5 47. Re8+ Kf5 48. Kd3 Kg4 49. Kc4 Rf5 50. Re5 Rf6 51. Kb5 h4 52. h3+ Kh5 53. Rxg5+ Kxg5 54. Bxf6+ Kxf6 55. Kxb6 Ke6 56. Kc5 Kd7 57. Kd4 Kc6 58. Ke4 1-0

[Event "PRO League Stage"]
[Site "Chess.com INT"]
[Date "2017.02.15"]
[Round "6"]
[White "Shen, Christopher Y"]
[Black "Molner, Mackenzie"]
[Result "1/2-1/2"]
[WhiteElo "2165"]
[BlackElo "2450"]
[PlyCount "57"]
[EventDate "2017.01.11"]
[EventType "team-swiss (rapid)"]
[EventRounds "7"]
[EventCountry "USA"]
[SourceTitle "CBM 176 Extra"]
[Source "ChessBase"]
[SourceDate "2017.03.02"]
[SourceVersion "1"]
[SourceVersionDate "2017.03.02"]
[SourceQuality "1"]
[WhiteTeam "Columbus Cardinals"]
[BlackTeam "Montclair Sopranos"]
[WhiteTeamCountry "USA"]
[BlackTeamCountry "USA"]

1. c4 e5 2. g3 Nf6 3. Bg2 h6 4. Nc3 Bb4 5. Nd5 Nxd5 6. cxd5 0-0 7. a3 Bc5 8. e3 d6 9. Ne2 Nd7 10. 0-0 Bb6 11. b3 Nf6 12. d3 Bd7 13. Bb2 c6 14. Nc3 Rc8 15. Rc1 Re8 16. h3 cxd5 17. Nxd5 Nxd5 18. Bxd5 Rxc1 19. Bxc1 Be6 20. Qf3 Qd7 21. g4 Bxd5 22. Qxd5 Rc8 23. Bd2 Rc5 24. Qf3 Rc2 25. Rd1 Qc6 26. Qxc6 bxc6 27. a4 a5 28. b4 axb4 29. Bxb4 1/2-1/2

[Event "US Masters op"]
[Site "Greensboro"]
[Date "2016.08.26"]
[Round "3"]
[White "Molner, Mackenzie"]
[Black "Sevian, Samuel"]
[Result "0-1"]
[WhiteElo "2464"]
[BlackElo "2600"]
[PlyCount "90"]
[EventDate "2016.08.25"]
[EventType "swiss"]
[EventRounds "9"]
[EventCountry "USA"]
[SourceTitle "CBM 174 Extra"]
[Source "ChessBase"]
[SourceDate "2016.10.10"]
[SourceVersion "1"]
[SourceVersionDate "2016.10.10"]
[SourceQuality "1"]

1. e4 e5 2. Nf3 Nc6 3. Bb5 a6 4. Ba4 Nf6 5. 0-0 Be7 6. Re1 b5 7. Bb3 d6 8. c3 0-0 9. h3 Na5 10. Bc2 c5 11. d4 Qc7 12. Nbd2 cxd4 13. cxd4 Be6 14. d5 Bd7 15. a3 Rfc8 16. Bd3 Nc4 17. Nf1 Nb6 18. b3 Bf8 19. Qe2 Be8 20. Ne3 Nbd7 21. b4 Nb6 22. Nh2 Na4 23. Nhg4 Nxg4 24. hxg4 g6 25. g3 Qb6 26. Bd2 Rc7 27. g5 Bd7 28. Rac1 Rac8 29. Rc6 Rxc6 30. dxc6 Bxc6 31. Ng4 Be7 32. Be3 Qd8 33. f4 d5 34. fxe5 dxe4 35. Bc2 Bxg5 36. Qf2 Bxe3 37. Rxe3 Qg5 38. Nf6+ Kg7 39. Bxe4 Qxe5 40. Bxc6 Qa1+ 41. Kg2 Rxc6 42. Ne8+ Kf8 43. Re1 Qc3 44. Re3 Qc2 45. Re2 Qd3 0-1

[Event "US Open-116"]
[Site "Phoenix"]
[Date "2015.08.06"]
[Round "6"]
[White "Diamant, Andre"]
[Black "Molner, Mackenzie"]
[Result "1/2-1/2"]
[WhiteElo "2483"]
[BlackElo "2475"]
[PlyCount "41"]
[EventDate "2015.08.01"]
[EventType "swiss"]
[EventRounds "9"]
[EventCountry "USA"]
[SourceTitle "CBM 167 Extra"]
[Source "ChessBase"]
[SourceDate "2015.09.14"]
[SourceVersion "1"]
[SourceVersionDate "2015.09.14"]
[SourceQuality "1"]

1. c4 e5 2. Nc3 Nf6 3. Nf3 Nc6 4. e3 Bb4 5. Qc2 Bxc3 6. bxc3 0-0 7. e4 d6 8. Be2 Nh5 9. d4 exd4 10. Nxd4 Nf6 11. 0-0 Re8 12. f3 Nd7 13. Be3 Na5 14. Nb3 Nc6 15. c5 Nxc5 16. Nxc5 dxc5 17. Bxc5 Qg5 18. Bf2 Bh3 19. Bg3 Qc5+ 20. Bf2 Qg5 21. Bg3 1/2-1/2

[Event "US Open-116"]
[Site "Phoenix"]
[Date "2015.08.05"]
[Round "5"]
[White "Molner, Mackenzie"]
[Black "Dixon, Dakota Ellis"]
[Result "1-0"]
[WhiteElo "2475"]
[BlackElo "2076"]
[PlyCount "85"]
[EventDate "2015.08.01"]
[EventType "swiss"]
[EventRounds "9"]
[EventCountry "USA"]
[SourceTitle "CBM 167 Extra"]
[Source "ChessBase"]
[SourceDate "2015.09.14"]
[SourceVersion "1"]
[SourceVersionDate "2015.09.14"]
[SourceQuality "1"]

1. e4 c5 2. Nf3 Nc6 3. d4 cxd4 4. Nxd4 Nf6 5. Nc3 d6 6. Bg5 e6 7. Qd2 a6 8. 0-0-0 Bd7 9. f3 Be7 10. h4 h6 11. Be3 h5 12. Bg5 Ne5 13. f4 Neg4 14. g3 Rc8 15. Bg2 Qb6 16. Rhe1 e5 17. Nf5 Bxf5 18. exf5 0-0 19. Nd5 Nxd5 20. Bxd5 Qc7 21. Bxe7 Qxe7 22. Bf3 Nf6 23. Qxd6 Qxd6 24. Rxd6 e4 25. Bxe4 Rfe8 26. Rd4 Re7 27. Kd2 Rce8 28. Kd3 Ng4 29. Re2 Nh6 30. Rg2 Ng4 31. a4 b5 32. a5 Nf6 33. Re2 Nd7 34. b4 Nf6 35. Bf3 Rxe2 36. Bxe2 Rc8 37. Bf3 Rc7 38. Rd8+ Kh7 39. Rd6 Ra7 40. Kd4 Ne8 41. Rd8 Nf6 42. Kc5 Rc7+ 43. Bc6 1-0

[Event "Las Vegas National op"]
[Site "Las Vegas"]
[Date "2015.06.21"]
[Round "5"]
[White "Molner, Mackenzie"]
[Black "Wheeler, Cameron"]
[Result "1-0"]
[WhiteElo "2499"]
[BlackElo "2299"]
[PlyCount "51"]
[EventDate "2015.06.19"]
[EventType "swiss"]
[EventRounds "6"]
[EventCountry "USA"]
[SourceTitle "CBM 167 Extra"]
[Source "ChessBase"]
[SourceDate "2015.09.14"]
[SourceVersion "1"]
[SourceVersionDate "2015.09.14"]
[SourceQuality "1"]

1. e4 e6 2. d4 d5 3. Nd2 Nf6 4. e5 Nfd7 5. Bd3 c5 6. c3 Nc6 7. Ne2 cxd4 8. cxd4 f6 9. exf6 Qxf6 10. Nf3 Bb4+ 11. Bd2 Bxd2+ 12. Qxd2 0-0 13. 0-0 e5 14. dxe5 Ndxe5 15. Nxe5 Nxe5 16. b3 Bg4 17. Ng3 Kh8 18. Rae1 Rae8 19. Bb1 Bd7 20. Rd1 Bc6 21. Nf5 d4 22. Nxd4 Bxg2 23. Kxg2 Qh4 24. f3 Nxf3 25. Rxf3 Qg4+ 26. Rg3 1-0

[Event "Las Vegas National op"]
[Site "Las Vegas"]
[Date "2015.06.20"]
[Round "3"]
[White "Molner, Mackenzie"]
[Black "Dreev, Alexey"]
[Result "0-1"]
[WhiteElo "2499"]
[BlackElo "2628"]
[PlyCount "80"]
[EventDate "2015.06.19"]
[EventType "swiss"]
[EventRounds "6"]
[EventCountry "USA"]
[SourceTitle "CBM 167 Extra"]
[Source "ChessBase"]
[SourceDate "2015.09.14"]
[SourceVersion "1"]
[SourceVersionDate "2015.09.14"]
[SourceQuality "1"]

1. d4 d5 2. c4 c6 3. Nf3 Nf6 4. Nc3 e6 5. Bg5 Nbd7 6. e3 Qa5 7. Nd2 Bb4 8. Rc1 0-0 9. Be2 Bxc3 10. Rxc3 Qxa2 11. Qc1 Qa5 12. Ra3 Qd8 13. 0-0 e5 14. cxd5 cxd5 15. Nb3 Qb6 16. Bxf6 Qxf6 17. Qc7 exd4 18. Nxd4 Ne5 19. Qc5 Nc6 20. Qxd5 Rd8 21. Qe4 Nxd4 22. exd4 g6 23. Rd1 Qb6 24. Rd2 Be6 25. h4 Bd5 26. Qf4 Qd6 27. Qxd6 Rxd6 28. b4 a6 29. Ra5 b5 30. Rd1 Re8 31. Bf1 Bb3 32. Rd3 Ba4 33. Re3 Rc8 34. h5 Kg7 35. hxg6 hxg6 36. g3 Rcc6 37. Re4 Rc1 38. Kg2 Bb3 39. Rf4 Bd5+ 40. f3 Rb1 0-1